The Story - Conan Gray (All Lyrics) - Statistics

General Stats
  • This quiz has been taken 250 times
  • The average score is 270 of 327
Answer Stats
The Story % Correct
a
99%
and
99%
Bridge | Verse 2 And
99%
me
99%
you
99%
I
98%
the
98%
about
97%
boy
97%
but
97%
But
97%
girl
97%
story
97%
They
97%
they
97%
we
97%
Verse 1 Let
96%
were
95%
It
94%
it
94%
love
94%
tell
94%
end
92%
friend
92%
It's
91%
it's
91%
just
91%
Just
91%
on
90%
each
89%
is
88%
to
88%
friends
87%
other
87%
people
86%
sixteen
86%
So
86%
so
86%
mean
85%
that
85%
when
85%
Best
84%
of
84%
afraid
83%
more
83%
always
82%
kinda
82%
was
82%
now
81%
Verse 3 Now
81%
short
81%
with
81%
work
81%
world
81%
didn't
80%
boring
79%
funny
79%
knew
79%
way
79%
wished
79%
ain't
77%
I'm
77%
themselves
77%
works
77%
head
76%
Chorus Oh
76%
that's
76%
sweet
75%
they're
75%
younger
75%
could
74%
too
74%
whirl
74%
gone
73%
pretty
73%
never
72%
one
72%
for
71%
loved
71%
my
71%
different
70%
Moved
70%
Cause
69%
not
69%
states
69%
another
68%
what
68%
Headstones
67%
think
67%
say
66%
Both
65%
both
65%
discovered
65%
see
65%
they'd
65%
wait
63%
If
62%
if
62%
away
60%
bet
60%
parents
60%
run
60%
sequel
59%
lawn
58%
evil
56%
made
56%
our
56%
she's
56%
alright
55%
wonder
54%
in
53%
In
53%
life
53%
right
53%
saved
53%
have
52%
worked
52%
their
51%
better
50%
hope
47%
All
45%
all
45%
we'd
43%
get
41%
happy
38%
movie's
36%
runnin'
35%
lovers
34%
Okay
19%
No matching quizzes found
Score Distribution
Percent of People with Each Score
Percentile by Number Answered
Your Score History
You have not taken this quiz